Grit: why passion and resilience are the secrets to success (Record no. 1269233)
[ view plain ]
| 000 -LEADER | |
|---|---|
| fixed length control field | 01041nam a2200217 4500 |
| 005 - DATE AND TIME OF LATEST TRANSACTION | |
| control field | 20260214161045.0 |
| 008 - FIXED-LENGTH DATA ELEMENTS--GENERAL INFORMATION | |
| fixed length control field | 250325b |||||||| |||| 00| 0 eng d |
| 020 ## - INTERNATIONAL STANDARD BOOK NUMBER | |
| International Standard Book Number | 9781785040207 |
| 037 ## - SOURCE OF ACQUISITION | |
| Terms of availability | Textual |
| 040 ## - CATALOGING SOURCE | |
| Original cataloging agency | RTL |
| Transcribing agency | RTL |
| 084 ## - COLON CLASSIFICATION NUMBER | |
| Classification number | Y9(R4) Q7 |
| Assigning agency | RTL |
| 100 ## - MAIN ENTRY--PERSONAL NAME | |
| Personal name | Duckworth, Angela |
| 9 (RLIN) | 747495 |
| 245 ## - TITLE STATEMENT | |
| Title | Grit: why passion and resilience are the secrets to success |
| 260 ## - PUBLICATION, DISTRIBUTION, ETC. | |
| Place of publication, distribution, etc. | London |
| Name of publisher, distributor, etc. | Vermilion |
| Date of publication, distribution, etc. | 2017 |
| 300 ## - PHYSICAL DESCRIPTION | |
| Extent | xv, 440p. |
| Other physical details | Includes notes and index |
| 520 ## - SUMMARY, ETC. | |
| Summary, etc. | In this must-read for anyone seeking to succeed, pioneering psychologist Angela Duckworth takes us on an eye-opening journey to discover the true qualities that lead to outstanding achievement. Winningly personal, insightful and powerful, Grit is a book about what goes through your head when you fall down, and how that - not talent or luck - makes all the difference. |
| 650 ## - SUBJECT ADDED ENTRY--TOPICAL TERM | |
| Topical term or geographic name entry element | Success |
| 9 (RLIN) | 747496 |
| 650 ## - SUBJECT ADDED ENTRY--TOPICAL TERM | |
| Topical term or geographic name entry element | Perseverance (Ethics) |
| 9 (RLIN) | 747497 |
| 650 ## - SUBJECT ADDED ENTRY--TOPICAL TERM | |
| Topical term or geographic name entry element | Expectation (Psychology) |
| 9 (RLIN) | 747498 |
| 942 ## - ADDED ENTRY ELEMENTS (KOHA) | |
| Source of classification or shelving scheme | Colon Classification (CC) |
| Suppress in OPAC | No |
| Koha item type | Textual |
| Classification part | Y9(R4) Q7 |
| Withdrawn status | Lost status | Source of classification or shelving scheme | Damaged status | Not for loan | Home library | Current library | Date acquired | Total Checkouts | Full call number | Barcode | Date last seen | Date last checked out | Price effective from | Koha item type |
|---|---|---|---|---|---|---|---|---|---|---|---|---|---|---|
| Colon Classification (CC) | Ratan Tata Library | Ratan Tata Library | 2025-03-25 | 2 | Y9(R4) Q7 | RT1585189 | 2026-02-14 | 2026-01-21 | 2025-03-25 | Textual |
